Gaming Quiz

Random Gaming or Alphabet Quiz

Risk Territories (A-Z) Quiz Stats

 Plays Quiz Updated Mar 4, 2020

Support Sporcle.
Go Orange.
Score 0/18 Timer 02:00
0 Plays Today
Letter Territories % Correct
IIceland, India, Irkutsk, Indonesia
80.2%
AAlaska, Alberta, Argentina, Afghanistan
79.4%
CCentral America, Congo, China
74.1%
EEastern United States, Egypt, East Africa, Eastern Australia
73.4%
SScandinavia, Southern Europe, South Africa, Siberia, Siam
72.5%
BBrazil
71.9%
WWestern United States, Western Europe, Western Australia
69.9%
JJapan
68.4%
MMadagascar, Middle East, Mongolia
63.2%
Letter Territories % Correct
NNorthwest Territory, Northern Europe, North Africa, New Guinea
58.1%
UUkraine, Ural
50.8%
GGreenland, Great Britain
50.3%
PPeru
44.6%
KKamchatka
43.9%
QQuebec
41.2%
VVenezuela
40.9%
YYakutsk
36.2%
OOntario
33.2%

You're not logged in!

Compare scores with friends on all Sporcle quizzes.
OR
Log In

From the Vault

Find the Food in German

by Rackie

Hopefully you don't have a fear of German sausage. That would be the wurst.
Remove Ads.
Support Sporcle.
Get the best of Sporcle when you Go Orange. This ad-free experience offers more features, more stats, and more fun while also helping to support Sporcle. Thank you for becoming a member.

Show Comments

Extras

Top Quizzes Today


Score Distribution

Your Account Isn't Verified!

In order to create a playlist on Sporcle, you need to verify the email address you used during registration. Go to your Sporcle Settings to finish the process.

Report this User

Report this user for behavior that violates our Community Guidelines.

Details: